| 000 | 00682nam a22002297a 4500 | ||
|---|---|---|---|
| 005 | 20170124110101.0 | ||
| 010 | _a303523 | ||
| 020 | _c00.00 | ||
| 035 | _a303523 | ||
| 037 | _bCen Lib/Ret | ||
| 040 |
_aDPL _bEN |
||
| 082 |
_a954.082 _bEDW |
||
| 100 |
_aEdwardes, Michael _923838 |
||
| 245 |
_aThe battle of Plassey and the conquest of Bengal / _cby Michael Edwardes |
||
| 260 |
_bB.T.Batsford Ltd _aLondon _c1963 |
||
| 270 | _a4 Fitzhardinge Street, Portman Square | ||
| 300 |
_a167p. : _c20cm(Hb) _bill. |
||
| 500 | _aIncludes index | ||
| 650 |
_aBengal (India) -- History _927241 |
||
| 650 |
_aIndia -- Bengal _99764 |
||
| 942 |
_2ddc _cEN _h954.082 _mEDW |
||
| 999 |
_c129732 _d129732 |
||